Statistics for Hawke's Bay High Schools

Click here to take the quiz!

General Stats

  • This quiz has been taken 19 times
  • The average score is 14 of 24

Answer Stats

Answer% Correct
Hastings Boys' High School
100%
Hastings Girls' High School
100%
Napier Boys' High School
100%
Napier Girl's High School
100%
Sacred Heart College
82%
St John's College
82%
Taradale High School
82%
Havelock North High School
73%
Lindisfarne College
73%
Tamatea High School
73%
Iona College
64%
Flaxmere College
55%
Karamu High School
55%
Te Aute College
55%
Wairoa College
45%
William Colenso College
45%
Woodford House
45%
Central Hawke's Bay College
36%
Hukarere Girls' College
36%
St Joseph's Maori Girls College
36%
Taikura Rudolph Steiner School
27%
Hastings Christian School
18%
TKKM o Ngati Kahungunu Ki Heretaunga
18%
TKKM o Te Ara Hou
18%

Score Distribution

Percentile by Number Answered

Percent of People with Each Score

Your Score History

You have not taken this quiz